Mladí komunisti v príprave III. zjazdu SZM

Bibliographic Details
Format: Article
Language:Slovak
Subjects:

MARC

LEADER 00000nab a2200000 a 4500
001 vtls000109491
003 SK-MaSNL
005 20260305005749.0
008 111104c1982 xo 0 slo
015 |a SNBRB19rr/mm-uuuuu 
035 |a CL0119594 
040 |a SNKBUCL  |b slo  |c SNKBUCL  |e AACR2 
041 0 |a slo 
044 |a xo  |c SK 
080 |a 329.78(437)SZM  |2 1981 
245 0 0 |a Mladí komunisti v príprave III. zjazdu SZM 
610 2 7 |a Socialistický zväz mládeže  |2 snkbucl  |9 51618 
655 7 |a články z novín a časopisov  |2 snkbucl  |9 267496 
773 0 |t Život strany  |g Č. 3 (1982), s. 3-4 
850 |a Slovenská národná knižnica v Martine  |a MTA001 
852 |a SNK  |b KIS3GCP 
958 |a RK 
992 |a RBX 
999 |c 3242467  |d 3244397